000 00601nam a2200193Ia 4500
003 IN-BaIIA
008 211028s9999 xx 000 0 eng d
020 _a0-85229-413-1
040 _cIIA Library
080 _a031
_bEBR-19
110 _aEncyclopedia Britannica
_910946
245 4 _aThe New Encyclopaedia Britannica in 30 volumes : Micropaedia
_bvol. XIX, Ready Reference and Index
_cEncyclopedia Britannica
250 _a15th ed.
260 _aChicago
_bEncyclopaedia Britannica
_c1984
300 _a1180p.
650 _aEncyclopedia-Macropaedia
_913722
650 _aNASA Thesaurus
942 _cBK
999 _c8168
_d8168